000 00451nam a2200169Ia 4500
003 GCL
008 140319s9999 xx 000 0 ara d
040 _aGCL /
_cGCL
082 0 4 _a239
_bا ف
100 1 _aاحمد عمر هاشم
245 1 0 _aفى ظلال الهوى النبوى /
_cاحمد عمر هاشم
300 _a155 ص
490 _a
650 0 4 _aالسيرة النبوية
650 0 4 _aاخلاق الرسول
942 _2ddc
_cBK
999 _c39787
_d39787